[Event "Icelandic Open 2019"]
[Site "Akureyri"]
[Date "2019.05.26"]
[Round "2.6"]
[White "Gunnarsson, Jon Viktor"]
[Black "Pinto, Mark"]
[Result "1-0"]
[WhiteElo "2452"]
[BlackElo "2082"]
[Annotator "ChessBase"]
[PlyCount "109"]
[EventDate "2019.05.25"]
[EventType "swiss"]
[EventCountry "ISL"]
[SourceTitle "playchess.com"]
[Source "ChessBase"]
[SourceQuality "1"]
[TimeControl "40/5400+30:1800+30"]

1. e4 {[%emt 0:00:00]} c5 {[%emt 0:06:20]} 2. Nc3 {[%emt 0:00:01]} Nc6 {[%emt 0:00:05]} 3. Nf3 {[%emt 0:00:11]} g6 {[%emt 0:00:08]} 4. d4 {[%emt 0:01:54]} cxd4 {[%emt 0:00:05]} 5. Nxd4 {[%emt 0:00:07]} Bg7 {[%emt 0:00:03]} 6. Be3 {[%emt 0:01:05]} d6 {[%emt 0:00:44]} 7. Qd2 {[%emt 0:06:00]} Nf6 {[%emt 0:00:11]} 8. f3 {[%emt 0:00:50]} Bd7 {[%emt 0:02:48]} 9. g4 {[%emt 0:05:22]} Rc8 {[%emt 0:09:40]} 10. O-O-O {[%emt 0:08:45]} Nxd4 {[%emt 0:20:44]} 11. Bxd4 {[%emt 0:01:12]} O-O {[%emt 0:00:43]} 12. Kb1 {[%emt 0:04:18]} Be6 {[%emt 0:02:31]} 13. h4 {[%emt 0:11:54]} a6 {[%emt 0:11:38]} 14. h5 {[%emt 0:05:02]} b5 {[%emt 0:01:40]} 15. a3 {[%emt 0:09:20]} Qc7 {[%emt 0:07:11]} 16. Qh2 {[%emt 0:05:09]} Rfd8 {[%emt 0:01:24]} 17. hxg6 {[%emt 0:02:48]} hxg6 {[%emt 0:00:11]} 18. Bd3 {[%emt 0:08:46]} Qb7 {[%emt 0:01:33]} 19. Nd5 {[%emt 0:04:47]} Bxd5 {[%emt 0:03:23]} 20. exd5 {[%emt 0:01:53]} b4 {[%emt 0:03:14]} 21. axb4 {[%emt 0:03:52]} Qxb4 {[%emt 0:00:23]} 22. c3 {[%emt 0:01:35]} Qb7 {[%emt 0:00:56]} 23. c4 {[%emt 0:02:33]} Rb8 {[%emt 0:04:48]} 24. f4 {[%emt 0:06:00]} a5 {[%emt 0:00:14]} 25. g5 {[%emt 0:03:21]} Nh5 {[%emt 0:00:26]} 26. Bxg7 {[%emt 0:00:09]} Kxg7 {[%emt 0:00:12]} 27. f5 {[%emt 0:00:48]} Rh8 {[%emt 0:00:35]} 28. Qd2 {[%emt 0:02:10]} Qb4 {[%emt 0:00:37]} 29. fxg6 {[%emt 0:01:12]} Qxd2 {[%emt 0:00:14]} 30. Rxd2 {[%emt 0:00:03]} fxg6 {[%emt 0:00:27]} 31. Re1 {[%emt 0:01:08]} Rb7 {[%emt 0:01:13]} 32. Rf2 {[%emt 0:00:28]} Ng3 {[%emt 0:07:53]} 33. Ka2 {[%emt 0:01:12]} Rh5 {[%emt 0:01:50]} 34. Rg1 {[%emt 0:01:17]} Rh3 {[%emt 0:06:17]} 35. Rf3 {[%emt 0:01:10]} Rh2 {[%emt 0:00:06]} 36. Rfxg3 {[%emt 0:00:23]} Rhxb2+ {[%emt 0:00:45]} 37. Ka1 {[%emt 0:00:24]} R2b4 {[%emt 0:00:19]} 38. R3g2 {[%emt 0:00:35]} Rb3 {[%emt 0:00:59]} 39. Rb1 {[%emt 0:01:01]} Ra3+ {[%emt 0:03:11]} 40. Ra2 {[%emt 0:00:00]} Rxb1+ {[%emt 0:00:00]} 41. Bxb1 {[%emt 0:00:27]} Rg3 {[%emt 0:01:16]} 42. Rxa5 {[%emt 0:01:37]} Rxg5 {[%emt 0:00:05]} 43. Kb2 {[%emt 0:01:55]} Kf6 {[%emt 0:00:17]} 44. Ra8 {[%emt 0:03:11]} Rg3 {[%emt 0:03:05]} 45. Bc2 {[%emt 0:06:51]} g5 {[%emt 0:03:36]} 46. Bd1 {[%emt 0:03:07]} Ke5 {[%emt 0:04:28]} 47. Kc2 {[%emt 0:03:07]} Kd4 {[%emt 0:00:18]} 48. Be2 {[%emt 0:00:59]} Ke5 {[%emt 0:06:59]} 49. Re8 {[%emt 0:01:37]} Kf6 {[%emt 0:00:10]} 50. Kd2 {[%emt 0:00:10]} Ra3 {[%emt 0:03:50]} 51. Bd3 {[%emt 0:01:00]} Kf7 {[%emt 0:02:44]} 52. Rh8 {[%emt 0:00:39]} Kg7 {[%emt 0:02:10]} 53. Rh7+ {[%emt 0:00:31]} Kf6 {[%emt 0:00:03]} 54. Rh6+ {[%emt 0:00:05]} Ke5 {[%emt 0:00:23]} 55. Ke3 {[%emt 0:00:32]} 1-0

[Event "Icelandic Open 2019"]
[Site "Akureyri"]
[Date "2019.05.26"]
[Round "2.7"]
[White "Dietzsch, Herbert"]
[Black "Thorfinnsson, Bragi"]
[Result "0-1"]
[WhiteElo "2059"]
[BlackElo "2451"]
[Annotator "RC"]
[PlyCount "60"]
[EventDate "2019.05.25"]
[EventType "swiss"]
[EventCountry "ISL"]
[SourceTitle "playchess.com"]
[Source "ChessBase"]
[SourceQuality "1"]
[TimeControl "40/5400+30:1800+30"]

1. e4 {[%emt 0:00:00]} e5 {[%emt 0:07:49]} 2. Bc4 {[%emt 0:00:00]} Nf6 {[%emt 0:01:42]} 3. d3 {[%emt 0:00:05]} c6 {[%emt 0:01:43]} 4. Nf3 {[%emt 0:01:49]} d5 {[%emt 0:06:29]} 5. Bb3 {[%emt 0:02:54]} Bd6 {[%emt 0:03:03]} 6. Bg5 {[%emt 0:07:26]} dxe4 {[%emt 0:22:33]} 7. dxe4 {[%emt 0:06:30]} h6 {[%emt 0:00:17]} 8. Bxf6 {[%emt 0:01:33]} Qxf6 {[%emt 0:00:41]} 9. Nbd2 {[%emt 0:07:20]} Na6 {[%emt 0:03:54]} 10. Qe2 {[%emt 0:00:32]} Nc5 {[%emt 0:01:34]} 11. O-O-O {[%emt 0:01:23]} a5 {[%emt 0:03:59]} 12. a3 {[%emt 0:06:20]} Nxb3+ {[%emt 0:02:54]} 13. cxb3 {[%emt 0:00:12]} a4 {[%emt 0:07:02]} 14. Nc4 {[%emt 0:10:44]} Bc7 {[%emt 0:01:25]} 15. bxa4 {[%emt 0:11:03]} Rxa4 {[%emt 0:00:57]} 16. Qc2 {[%emt 0:02:21]} b5 {[%emt 0:02:42]} 17. Ne3 {[%emt 0:01:54]} O-O {[%emt 0:01:51]} 18. Rd3 {[%emt 0:08:11]} Ra6 {[%emt 0:02:41]} 19. Rf1 {[%emt 0:03:26]} Be6 {[%emt 0:01:34]} 20. Nd2 {[%emt 0:00:43]} Bb6 {[%emt 0:02:35]} 21. Kd1 {[%emt 0:04:17]} Bd4 {[%emt 0:03:06]} 22. Nb3 {[%emt 0:07:25]} Ra4 {[%emt 0:01:46]} 23. Nc5 {[%emt 0:02:07]} Bxc5 {[%emt 0:00:56]} 24. Qxc5 {[%emt 0:00:06]} Rxe4 {[%emt 0:00:19]} 25. Rd6 {[%emt 0:06:45]} Rxe3 {[%emt 0:03:29]} 26. Rxe6 {[%emt 0:00:08]} Rd3+ {[%emt 0:03:58]} 27. Ke2 {[%emt 0:01:21]} Qxe6 {[%emt 0:01:32]} 28. Kxd3 {[%emt 0:00:05]} Rd8+ {[%emt 0:02:36]} 29. Ke3 {[%emt 0:00:26]} Qg6 {[%emt 0:02:04]} 30. Qc3 {[%emt 0:03:58]} Qxg2 {[%emt 0:00:45]} 0-1

[Event "Icelandic Open 2019"]
[Site "Akureyri"]
[Date "2019.05.26"]
[Round "2.8"]
[White "Thorhallsson, Throstur"]
[Black "Petursson, Gudni"]
[Result "1/2-1/2"]
[WhiteElo "2435"]
[BlackElo "2045"]
[Annotator "NA"]
[PlyCount "51"]
[EventDate "2019.05.25"]
[EventType "swiss"]
[EventCountry "ISL"]
[SourceTitle "playchess.com"]
[Source "ChessBase"]
[SourceQuality "1"]
[TimeControl "40/5400+30:1800+30"]

{[%evp 8,48,25,27,33,6,28,29,28,15,32767,10,32767,16,34,13,43,28,12,23,4,22,27,17,25,16,32767,0,39,2,0,-2,0,-14,-21,-27,44,32767,45,27,31,0,28]} 1. e4 {[%emt 0:00:00]} c6 {[%emt 0:00:06]} 2. d4 {[%emt 0:00:19]} d5 {[%emt 0:00:05]} 3. exd5 {[%emt 0:00:45]} cxd5 {[%emt 0:00:07]} 4. Bd3 {[%emt 0:00:09]} Nc6 {[%emt 0:00:51]} 5. c3 {[%emt 0:00:50]} Nf6 {[%emt 0:00:51]} 6. h3 {[%emt 0:02:51]} e6 {[%emt 0:04:40]} 7. Nf3 {[%emt 0:01:06]} Bd6 {[%emt 0:01:01] B13: Caro-Kann: Exchange Variation and Panov-Botvinnik Attack} 8. Nbd2 {[%emt 0:03:08]} (8. O-O O-O 9. Re1 Qc7 10. Qe2 b6 11. Ne5 Bb7 12. Nd2 Rfe8 13. f4 g6 14. g4 a6 15. h4 b5 16. a3 {½-½ (45) Giri,A (2775)-Riazantsev,A (2654) Geneva 2017}) 8... Qc7 {[%emt 0:00:42]} 9. O-O {[%emt 0:02:51]} O-O {[%emt 0:00:09]} 10. Re1 {[%emt 0:01:16]} Bd7 {[%emt 0:04:23]} 11. Nf1 {[%emt 0:04:03]} Rae8 {[%emt 0:04:34]} 12. Bd2 $146 {[%emt 0:18:24]} ({Predecessor:} 12. Be3 a6 13. Rc1 e5 14. dxe5 Nxe5 15. Nxe5 Bxe5 {1-0 (26) Hoefliger,J (1588)-Saxer,B (1582) Luzern 1994}) 12... e5 {[%emt 0:01:13]} 13. dxe5 {[%emt 0:00:30]} Nxe5 {[%emt 0:00:05]} 14. Nxe5 {[%emt 0:00:15]} Bxe5 {[%emt 0:00:40]} 15. Be3 {[%emt 0:06:54]} b6 {[%emt 0:01:45]} 16. Rc1 {[%emt 0:04:50]} Bc6 {[%emt 0:03:52]} 17. Bb1 {[%emt 0:03:59]} Qd7 {[%emt 0:05:18]} 18. Qc2 {[%emt 0:08:05]} Re6 {[%emt 0:04:31]} 19. Rcd1 {[%emt 0:02:42]} g6 {[%emt 0:01:49]} 20. Nd2 {[%emt 0:12:28]} Rfe8 {[%emt 0:02:54]} 21. Nf3 {[%emt 0:01:38]} Qb7 {[%emt 0:03:58]} ({Black should play} 21... d4 $11 22. cxd4 (22. Nxd4 $2 Bxd4 23. Rxd4 Qb7 $17) (22. Nxe5 Rxe5 23. Rxd4 Qb7 $11) 22... Bxf3 23. dxe5 Bxd1 24. Rxd1 Nd5) 22. Nxe5 {[%emt 0:05:24]} Rxe5 {[%emt 0:00:35]} 23. Rd4 $11 {[%emt 0:00:55]} Ne4 {[%emt 0:01:05]} 24. Qd1 {[%emt 0:01:27]} Nd6 {[%emt 0:01:18]} 25. Qg4 {[%emt 0:04:21]} Nc4 {[%emt 0:00:40]} 26. Qg3 {[%emt 0:05:10]} 1/2-1/2

[Event "Icelandic Open 2019"]
[Site "Akureyri"]
[Date "2019.05.26"]
[Round "2.9"]
[White "Pupols, Viktors"]
[Black "Gretarsson, Helgi Ass"]
[Result "1/2-1/2"]
[WhiteElo "2023"]
[BlackElo "2433"]
[Annotator "NA"]
[PlyCount "100"]
[EventDate "2019.05.25"]
[EventType "swiss"]
[EventCountry "ISL"]
[SourceTitle "playchess.com"]
[Source "ChessBase"]
[SourceQuality "1"]
[TimeControl "40/5400+30:1800+30"]

1. d4 {[%emt 0:02:05]} g6 {[%emt 0:00:00]} 2. Nf3 {[%emt 0:00:22]} Bg7 {[%emt 0:00:00]} 3. c3 {[%emt 0:00:46]} Nf6 {[%emt 0:02:52]} 4. g3 {[%emt 0:00:28]} b6 {[%emt 0:02:16]} 5. Bg2 {[%emt 0:00:05]} Bb7 {[%emt 0:00:03]} 6. O-O {[%emt 0:00:09]} O-O {[%emt 0:00:42]} 7. Nbd2 {[%emt 0:01:57]} c5 {[%emt 0:04:39]} 8. e3 {[%emt 0:06:24]} Qc7 {[%emt 0:12:11]} 9. b3 {[%emt 0:04:06]} d6 {[%emt 0:12:34]} 10. Re1 {[%emt 0:17:39]} Ne4 {[%emt 0:03:17]} 11. Nxe4 {[%emt 0:07:24]} Bxe4 {[%emt 0:00:05]} 12. Nd2 {[%emt 0:00:35]} Bxg2 {[%emt 0:01:15]} 13. Kxg2 {[%emt 0:00:08]} Nc6 {[%emt 0:07:37]} 14. Bb2 {[%emt 0:12:37]} Rfc8 {[%emt 0:17:24]} 15. Nf3 {[%emt 0:06:19]} Qb7 {[%emt 0:01:37]} 16. Qe2 $15 {[%emt 0:06:54]} cxd4 {[%emt 0:06:32]} 17. exd4 {[%emt 0:04:30]} e6 {[%emt 0:03:48]} 18. Kg1 {[%emt 0:00:57]} Ne7 {[%emt 0:00:28]} 19. c4 {[%emt 0:05:39]} Rc7 {[%emt 0:04:50]} 20. Rad1 {[%emt 0:02:15]} d5 {[%emt 0:06:36]} 21. Ne5 {[%emt 0:00:56]} Nf5 {[%emt 0:00:42]} 22. Qf3 {[%emt 0:02:33]} dxc4 {[%emt 0:05:21]} 23. Qxb7 {[%emt 0:00:24]} Rxb7 {[%emt 0:00:01]} 24. bxc4 {[%emt 0:01:52]} b5 {[%emt 0:01:37]} 25. c5 {[%emt 0:00:49]} Bxe5 {[%emt 0:00:07]} 26. Rxe5 {[%emt 0:01:45]} Ne7 {[%emt 0:00:03]} 27. Re2 {[%emt 0:01:58]} a5 {[%emt 0:00:32]} 28. Bc1 {[%emt 0:01:03]} Nd5 {[%emt 0:01:05]} 29. Rc2 {[%emt 0:00:07]} Ra6 {[%emt 0:01:21]} 30. Bf4 {[%emt 0:00:29]} Rc6 {[%emt 0:00:43]} 31. a3 {[%emt 0:02:13]} Kf8 {[%emt 0:00:30]} 32. Bd2 {[%emt 0:01:09]} Ra6 {[%emt 0:04:26]} 33. Rb1 {[%emt 0:02:19]} Ke8 {[%emt 0:00:23]} 34. c6 {[%emt 0:00:09]} Rc7 {[%emt 0:00:46]} 35. Rxb5 {[%emt 0:00:53]} Rcxc6 {[%emt 0:00:31]} 36. Rxc6 {[%emt 0:00:07]} Rxc6 {[%emt 0:00:01]} 37. Rxa5 {[%emt 0:01:15]} Rc2 {[%emt 0:00:32]} 38. Bb4 {[%emt 0:01:52]} Nxb4 {[%emt 0:00:33]} 39. axb4 {[%emt 0:00:05]} Rc4 {[%emt 0:00:43]} 40. d5 {[%emt 0:00:00]} exd5 {[%emt 0:00:00]} 41. Rxd5 {[%emt 0:00:56]} Rxb4 {[%emt 0:00:16]} 42. Ra5 {[%emt 0:01:14]} Ke7 {[%emt 0:00:07]} 43. Ra6 {[%emt 0:00:09]} h5 {[%emt 0:00:38]} 44. h4 {[%emt 0:00:10]} Re4 {[%emt 0:00:50]} 45. Kg2 {[%emt 0:00:32]} Re5 {[%emt 0:01:41]} 46. Rb6 {[%emt 0:00:16]} Rf5 {[%emt 0:00:15]} 47. Ra6 {[%emt 0:00:15]} Rf6 {[%emt 0:01:02]} 48. Ra7+ {[%emt 0:00:18]} Ke6 {[%emt 0:00:05]} 49. Ra6+ {[%emt 0:00:07]} Ke7 {[%emt 0:00:09]} 50. Ra7+ {[%emt 0:00:03]} Ke6 {[%emt 0:00:04]} 1/2-1/2

[Event "Icelandic Open 2019"]
[Site "Akureyri"]
[Date "2019.05.26"]
[Round "2.10"]
[White "Thorfinnsson, Bjorn"]
[Black "Jonsson, Gauti Pall"]
[Result "1-0"]
[WhiteElo "2389"]
[BlackElo "2033"]
[Annotator "NA"]
[PlyCount "65"]
[EventDate "2019.05.25"]
[EventType "swiss"]
[EventCountry "ISL"]
[SourceTitle "playchess.com"]
[Source "ChessBase"]
[SourceQuality "1"]
[TimeControl "40/5400+30:1800+30"]

1. Nf3 {[%emt 0:06:25]} (1. d4 Nc6 2. c4 d5 3. cxd5 Qxd5 4. e3 e5 5. Nc3 Bb4 6. Bd2 Bxc3 7. Bxc3 exd4 8. Ne2 Bg4 9. f3 Bxf3 10. gxf3 Qxf3 {[%mdl 64] [#] Double Attack. D07: Queen's Gambit: Chigorin Defence} 11. Nxd4 ({White should try} 11. Bxd4 $16 {Rg1 is the strong threat.} Nf6 12. Ng3 Nxd4 13. exd4 Qe3+ 14. Qe2 Qxe2+ 15. Bxe2) 11... Qxh1 $11 12. Nxc6 Nf6 $1 ({Don't go for} 12... Qxc6 $2 13. Bxg7 Rd8 14. Qe2 $18) 13. Na5 {Black must now prevent Qa4+.} Qe4 $1 {[#]} ({Much weaker is} 13... Qxh2 $6 14. Qa4+ c6 15. O-O-O $16) {Predecessor:} 14. Qe2 $146 Qh4+ 15. Qf2 Qxf2+ 16. Kxf2 Ne4+ 17. Ke2 O-O-O 18. Bg2 {1-0 (38) Linna,A (2505)-Gather,J (2473) ICCF corr 1999}) 1... Nf6 {[%emt 0:00:51]} 2. g3 {[%emt 0:00:09]} d5 {[%emt 0:00:21]} 3. Bg2 {[%emt 0:00:07]} Bg4 {[%emt 0:01:26]} 4. c4 {[%emt 0:00:29]} e6 {[%emt 0:03:17]} 5. Qb3 {[%emt 0:02:29]} Nbd7 {[%emt 0:09:08]} 6. Qxb7 {[%emt 0:00:39]} Bc5 {[%emt 0:00:49]} 7. Qb3 {[%emt 0:01:40]} Rb8 {[%emt 0:01:36]} 8. Qc2 {[%emt 0:00:59]} O-O {[%emt 0:01:38]} 9. O-O {[%emt 0:00:13]} Qe7 {[%emt 0:08:39]} 10. d3 {[%emt 0:02:01]} c6 {[%emt 0:01:24]} 11. Nbd2 {[%emt 0:00:26]} d4 {[%emt 0:05:19]} 12. b4 {[%emt 0:05:41]} Bxf3 {[%emt 0:03:35]} 13. Bxf3 {[%emt 0:00:31]} Bxb4 {[%emt 0:00:27]} 14. Bxc6 {[%emt 0:01:14]} Bc3 {[%emt 0:03:04]} 15. Rb1 {[%emt 0:00:56]} Ne5 {[%emt 0:00:46]} 16. Bg2 {[%emt 0:00:20]} h5 {[%emt 0:04:40]} 17. Nb3 {[%emt 0:01:23]} Ng6 {[%emt 0:03:23]} 18. Bb2 {[%emt 0:01:05]} Bxb2 {[%emt 0:00:17]} 19. Rxb2 {[%emt 0:00:05]} e5 {[%emt 0:00:21]} 20. Rfb1 {[%emt 0:00:06]} h4 {[%emt 0:00:30]} 21. Nd2 {[%emt 0:00:09]} Rxb2 {[%emt 0:02:38]} 22. Qxb2 {[%emt 0:00:08]} Qe6 {[%emt 0:00:32]} 23. Qa3 {[%emt 0:00:38]} Qg4 {[%emt 0:00:31]} 24. Bf3 {[%emt 0:00:27]} Qg5 {[%emt 0:00:33]} 25. Qc1 {[%emt 0:03:05]} Nf4 {[%emt 0:06:24]} 26. Kf1 {[%emt 0:02:27]} hxg3 {[%emt 0:01:22]} 27. hxg3 {[%emt 0:00:09]} N4h5 {[%emt 0:03:17]} 28. Ne4 {[%emt 0:01:40]} Qf5 {[%emt 0:03:45]} 29. Kg2 {[%emt 0:02:12]} g6 {[%emt 0:03:19]} 30. Qh6 {[%emt 0:03:06]} Ng4 {[%emt 0:06:48]} 31. Bxg4 {[%emt 0:01:14]} Qxg4 {[%emt 0:00:07]} 32. Rh1 {[%emt 0:02:11]} f5 {[%emt 0:02:19]} 33. f3 {[%emt 0:00:43]} 1-0

[Event "Icelandic Open 2019"]
[Site "Akureyri"]
[Date "2019.05.26"]
[Round "2.10"]
[White "Ragnarsson, Johann"]
[Black "Stefansson, Vignir Vatnar"]
[Result "*"]
[WhiteElo "1968"]
[BlackElo "2291"]
[Annotator "TA"]
[PlyCount "17"]
[EventDate "2019.05.25"]
[EventType "swiss"]
[EventCountry "ISL"]
[SourceTitle "playchess.com"]
[Source "ChessBase"]
[SourceQuality "1"]

{[%evp 9,17,30,62,70,79,18,39,11,81,59]} 1. Nf3 Nf6 2. g3 d5 3. Bg2 Bg4 4. c4 e6 (4... c6 5. Ne5 Be6 6. cxd5 Bxd5 7. Nf3 c5 8. Nc3 Bc6 9. O-O e6 10. Re1 Nbd7 11. e4 e5 12. d3 Be7 13. Nh4 O-O 14. Nf5 Re8 15. f4 Bf8 {1-0 (57) Shimanov,A (2620)-Motylev,A (2661) Saint Louis 2018}) 5. Qb3 Nbd7 6. Qxb7 {A07: Réti Opening: New York and Capablanca Systems} Bc5 $146 ({Predecessor:} 6... Bd6 7. O-O O-O 8. cxd5 Nc5 9. Qb5 exd5 10. d4 Rb8 11. Qa5 Nce4 12. a3 {½-½ (60) Paan,K (1729)-Petrov,D (2247) Tallinn 2015}) 7. Qb3 (7. cxd5 $16 Rb8 8. Qa6) 7... Rb8 $11 8. Qc2 O-O (8... Bxf3 $11 {remains equal.} 9. Bxf3 Ne5) 9. O-O *

[Event "Icelandic Open 2019"]
[Site "Akureyri"]
[Date "2019.05.26"]
[Round "2.11"]
[White "Thorfinnsson, Bjorn"]
[Black "Jonsson, Gauti Pall"]
[Result "*"]
[WhiteElo "2389"]
[BlackElo "2033"]
[Annotator "TA"]
[PlyCount "35"]
[EventDate "2019.05.25"]
[EventType "swiss"]
[EventCountry "ISL"]
[SourceTitle "playchess.com"]
[Source "ChessBase"]
[SourceQuality "1"]

{[%evp 18,26,70,68,89,20,23,14,21,0,0]} 1. d4 Nc6 2. c4 d5 3. cxd5 Qxd5 4. e3 e5 5. Nc3 Bb4 6. Bd2 Bxc3 7. Bxc3 exd4 8. Ne2 Bg4 9. f3 Bxf3 10. gxf3 Qxf3 {[%mdl 64] [#] Double Attack. D07: Queen's Gambit: Chigorin Defence} 11. Nxd4 ({White should try} 11. Bxd4 $16 {Rg1 is the strong threat.} Nf6 12. Ng3 Nxd4 13. exd4 Qe3+ 14. Qe2 Qxe2+ 15. Bxe2) 11... Qxh1 $11 12. Nxc6 Nf6 $1 ({Don't go for} 12... Qxc6 $2 13. Bxg7 Rd8 14. Qe2 $18) 13. Na5 {Black must now prevent Qa4+.} Qe4 $1 {[#]} ({Much weaker is} 13... Qxh2 $6 14. Qa4+ c6 15. O-O-O $16) {Predecessor:} 14. Qe2 $146 Qh4+ 15. Qf2 Qxf2+ 16. Kxf2 Ne4+ 17. Ke2 O-O-O 18. Bg2 {1-0 (38) Linna,A (2505)-Gather,J (2473) ICCF corr 1999} *

[Event "Icelandic Open 2019"]
[Site "Akureyri"]
[Date "2019.05.26"]
[Round "2.11"]
[White "Ragnarsson, Johann"]
[Black "Stefansson, Vignir Vatnar"]
[Result "1/2-1/2"]
[WhiteElo "1968"]
[BlackElo "2291"]
[Annotator "NA"]
[PlyCount "64"]
[EventDate "2019.05.25"]
[EventType "swiss"]
[EventCountry "ISL"]
[SourceTitle "playchess.com"]
[Source "ChessBase"]
[SourceQuality "1"]
[TimeControl "40/5400+30:1800+30"]

1. d4 {[%emt 0:00:32]} (1. Nf3 Nf6 2. g3 d5 3. Bg2 Bg4 4. c4 e6 (4... c6 5. Ne5 Be6 6. cxd5 Bxd5 7. Nf3 c5 8. Nc3 Bc6 9. O-O e6 10. Re1 Nbd7 11. e4 e5 12. d3 Be7 13. Nh4 O-O 14. Nf5 Re8 15. f4 Bf8 {1-0 (57) Shimanov,A (2620)-Motylev,A (2661) Saint Louis 2018}) 5. Qb3 Nbd7 6. Qxb7 {A07: Réti Opening: New York and Capablanca Systems} Bc5 $146 ({Predecessor:} 6... Bd6 7. O-O O-O 8. cxd5 Nc5 9. Qb5 exd5 10. d4 Rb8 11. Qa5 Nce4 12. a3 {½-½ (60) Paan,K (1729)-Petrov,D (2247) Tallinn 2015}) 7. Qb3 (7. cxd5 $16 Rb8 8. Qa6) 7... Rb8 $11 8. Qc2 O-O (8... Bxf3 $11 {remains equal.} 9. Bxf3 Ne5) 9. O-O) 1... Nc6 {[%emt 0:00:12]} 2. c4 {[%emt 0:02:01]} d5 {[%emt 0:04:19]} 3. cxd5 {[%emt 0:00:26]} Qxd5 {[%emt 0:00:03]} 4. e3 {[%emt 0:00:11]} e5 {[%emt 0:00:01]} 5. Nc3 {[%emt 0:00:09]} Bb4 {[%emt 0:00:03]} 6. Bd2 {[%emt 0:00:09]} Bxc3 {[%emt 0:00:02]} 7. Bxc3 {[%emt 0:00:09]} exd4 {[%emt 0:01:05]} 8. Ne2 {[%emt 0:07:10]} Bg4 {[%emt 0:00:25]} 9. f3 {[%emt 0:00:07]} Bxf3 {[%emt 0:00:04]} 10. gxf3 {[%emt 0:00:08]} Qxf3 {[%emt 0:00:03]} 11. Nxd4 {[%emt 0:00:11]} Qxh1 {[%emt 0:00:07]} 12. Nxc6 {[%emt 0:00:07]} Nf6 {[%emt 0:00:04]} 13. Na5 {[%emt 0:00:09]} Qe4 {[%emt 0:16:35]} 14. Qd4 {[%emt 0:05:26]} O-O {[%emt 0:03:05]} 15. O-O-O {[%emt 0:26:20]} Rfe8 {[%emt 0:01:06]} 16. Bd3 {[%emt 0:15:24]} Qxe3+ {[%emt 0:04:08]} 17. Qxe3 {[%emt 0:02:17]} Rxe3 {[%emt 0:00:02]} 18. Bxf6 {[%emt 0:00:08]} gxf6 {[%emt 0:00:06]} 19. Nxb7 {[%emt 0:00:03]} Rae8 {[%emt 0:02:51]} 20. Rd2 {[%emt 0:04:35]} Rh3 {[%emt 0:03:00]} 21. Kd1 {[%emt 0:10:24]} Re5 {[%emt 0:04:30]} 22. Bf1 {[%emt 0:03:42]} Rh4 {[%emt 0:03:38]} 23. b3 {[%emt 0:00:27]} Reh5 {[%emt 0:04:57]} 24. h3 {[%emt 0:00:23]} Rf4 {[%emt 0:00:24]} 25. Bg2 {[%emt 0:00:18]} Rhf5 {[%emt 0:00:29]} 26. Ke1 {[%emt 0:00:55]} Re5+ {[%emt 0:03:00]} 27. Kd1 {[%emt 0:00:22]} Kg7 {[%emt 0:08:28]} 28. Nd8 {[%emt 0:00:54]} Ref5 {[%emt 0:02:36]} 29. Ke1 {[%emt 0:00:14]} Rc5 {[%emt 0:00:59]} 30. Kd1 {[%emt 0:02:11]} Rc3 {[%emt 0:06:42]} 31. Nc6 {[%emt 0:01:47]} a6 {[%emt 0:01:02]} 32. Ne7 {[%emt 0:04:15]} Rc5 {[%emt 0:01:17]} 1/2-1/2

[Event "Icelandic Open 2019"]
[Site "Akureyri"]
[Date "2019.05.26"]
[Round "2.13"]
[White "Jonsson, Stefan G"]
[Black "Stefansson, Benedikt"]
[Result "1-0"]
[WhiteElo "1568"]
[BlackElo "1423"]
[Annotator "NA"]
[PlyCount "117"]
[EventDate "2019.05.25"]
[EventType "swiss"]
[EventCountry "ISL"]
[SourceTitle "playchess.com"]
[Source "ChessBase"]
[SourceQuality "1"]
[TimeControl "40/5400+30:1800+30"]

1. e4 {[%emt 0:00:00]} e6 {[%emt 0:00:00]} 2. d4 {[%emt 0:00:00]} d5 {[%emt 0:00:00]} 3. Nd2 {[%emt 0:00:03]} c5 {[%emt 0:00:54]} 4. Ngf3 {[%emt 0:00:22]} Nf6 {[%emt 0:00:16]} 5. e5 {[%emt 0:00:11]} Nfd7 {[%emt 0:00:05]} 6. c3 {[%emt 0:00:13]} Nc6 {[%emt 0:00:32]} 7. Bd3 {[%emt 0:00:52]} Qb6 {[%emt 0:01:37]} 8. Qa4 {[%emt 0:04:20]} cxd4 {[%emt 0:04:32]} 9. cxd4 {[%emt 0:01:47]} Qb4 {[%emt 0:03:49]} 10. Qxb4 {[%emt 0:02:29]} Nxb4 {[%emt 0:00:18]} 11. Bb1 {[%emt 0:00:12]} f6 {[%emt 0:00:09]} 12. O-O {[%emt 0:03:45]} fxe5 {[%emt 0:04:46]} 13. Nxe5 {[%emt 0:05:05]} Nxe5 {[%emt 0:00:12]} 14. dxe5 {[%emt 0:00:07]} Bc5 {[%emt 0:00:05]} 15. a3 {[%emt 0:02:55]} Nc6 {[%emt 0:00:10]} 16. Nf3 {[%emt 0:00:39]} O-O {[%emt 0:00:13]} 17. Re1 {[%emt 0:03:35]} Nd4 {[%emt 0:02:21]} 18. Nxd4 {[%emt 0:05:42]} Bxd4 {[%emt 0:00:09]} 19. Re2 {[%emt 0:00:09]} Bd7 {[%emt 0:00:18]} 20. Bd3 {[%emt 0:00:23]} Rf7 {[%emt 0:02:22]} 21. Kf1 {[%emt 0:04:04]} Ba4 {[%emt 0:09:13]} 22. Bg5 {[%emt 0:02:12]} Raf8 {[%emt 0:06:27]} 23. f3 {[%emt 0:00:40]} h6 {[%emt 0:03:58]} 24. Bh4 {[%emt 0:07:59]} g5 {[%emt 0:01:48]} 25. Bf2 {[%emt 0:06:16]} Bxf2 {[%emt 0:02:24]} 26. Rxf2 {[%emt 0:00:02]} g4 {[%emt 0:00:10]} 27. Ke2 {[%emt 0:00:41]} gxf3+ {[%emt 0:00:32]} 28. gxf3 {[%emt 0:00:51]} Rc8 {[%emt 0:01:13]} 29. Rg1+ {[%emt 0:02:36]} Rg7 {[%emt 0:00:17]} 30. Rxg7+ {[%emt 0:00:37]} Kxg7 {[%emt 0:00:10]} 31. Rg2+ {[%emt 0:00:11]} Kf8 {[%emt 0:03:13]} 32. Rg6 {[%emt 0:01:22]} Kf7 {[%emt 0:09:20]} 33. Rxh6 {[%emt 0:00:24]} Rg8 {[%emt 0:00:07]} 34. Kf2 {[%emt 0:03:25]} Rg5 {[%emt 0:02:41]} 35. f4 {[%emt 0:03:09]} Rg4 {[%emt 0:00:54]} 36. Rf6+ {[%emt 0:03:36]} Ke7 {[%emt 0:00:40]} 37. h3 {[%emt 0:02:16]} Rg7 {[%emt 0:04:48]} 38. Rh6 {[%emt 0:04:33]} Bd1 {[%emt 0:01:08]} 39. Rh8 {[%emt 0:05:13]} Ba4 {[%emt 0:02:36]} 40. Be2 {[%emt 0:00:00]} Be8 {[%emt 0:00:00]} 41. h4 {[%emt 0:06:55]} d4 {[%emt 0:07:22]} 42. Bd3 {[%emt 0:09:46]} Rf7 {[%emt 0:00:26]} 43. Rh7 {[%emt 0:00:57]} Rxh7 {[%emt 0:01:34]} 44. Bxh7 {[%emt 0:00:02]} Bh5 {[%emt 0:00:10]} 45. Bd3 {[%emt 0:01:23]} b6 {[%emt 0:10:05]} 46. Ke1 {[%emt 0:00:32]} Bf3 {[%emt 0:01:29]} 47. Kd2 {[%emt 0:00:23]} Bd5 {[%emt 0:02:07]} 48. Kc2 {[%emt 0:02:00]} Kf7 {[%emt 0:02:44]} 49. h5 {[%emt 0:03:07]} Kg7 {[%emt 0:00:30]} 50. Be2 {[%emt 0:06:10]} Be4+ {[%emt 0:05:12]} 51. Kb3 {[%emt 0:02:08]} d3 {[%emt 0:00:55]} 52. Bd1 {[%emt 0:00:02]} Kf7 {[%emt 0:00:20]} 53. Kc3 {[%emt 0:00:16]} Ke7 {[%emt 0:03:42]} 54. Bg4 {[%emt 0:02:39]} Kf7 {[%emt 0:03:06]} 55. Kd4 {[%emt 0:04:01]} Bh7 {[%emt 0:00:34]} 56. b4 {[%emt 0:00:47]} Ke7 {[%emt 0:06:46]} 57. Ke3 {[%emt 0:03:05]} a6 {[%emt 0:03:21]} 58. Bh3 {[%emt 0:00:15]} Kf7 {[%emt 0:02:13]} 59. Bf1 {[%emt 0:04:38]} 1-0